[Event "Tatarstan-ch op"]
[Site "Kazan"]
[Date "2008.08.24"]
[Round "4"]
[White "Tukhvatullin, Timur"]
[Black "Tsaregorodtsev, Mikhail"]
[Result "1/2-1/2"]
[WhiteElo "2226"]
[BlackElo "2028"]
[PlyCount "140"]
[EventDate "2008.08.21"]
[EventType "swiss"]
[EventRounds "9"]
[EventCountry "RUS"]
[SourceTitle "EXT 2010"]
[Source "ChessBase"]
[SourceDate "2010.11.25"]
[SourceVersion "1"]
[SourceVersionDate "2010.11.25"]
[SourceQuality "1"]

1. e4 e6 2. d4 d5 3. exd5 exd5 4. Bd3 Bd6 5. Nf3 Nc6 6. 0-0 Bg4 7. c3 Qd7 8. Re1+ Nge7 9. Nbd2 f6 10. b4 0-0 11. Qc2 Bf5 12. Nf1 a6 13. Ng3 Bxg3 14. hxg3 Bxd3 15. Qxd3 Qf5 16. Qxf5 Nxf5 17. Bf4 Rac8 18. g4 Nfe7 19. a4 Ng6 20. Bg3 Na7 21. g5 b6 22. gxf6 gxf6 23. Re6 Kf7 24. Rae1 c6 25. Nd2 Rfe8 26. Rxe8 Rxe8 27. Rxe8 Kxe8 28. Nb3 Ne7 29. Kf1 Nec8 30. Bb8 Ke7 31. Ke2 Ke6 32. Kd3 Kf5 33. a5 Nb5 34. axb6 Nxb6 35. Nc5 h5 36. Bh2 Kg4 37. Nxa6 Na4 38. Nb8 Na7 39. Nd7 Kf5 40. Nc5 Nxc5+ 41. dxc5 Nb5 42. f3 Na3 43. Bb8 Kg5 44. Kd2 Kf5 45. g3 Kg5 46. Kc1 h4 47. gxh4+ Kxh4 48. Kb2 Nb5 49. Kb3 Kh3 50. c4 dxc4+ 51. Kxc4 Kg2 52. f4 Kf3 53. Kd3 f5 54. Bd6 Kf2 55. Kc4 Ke3 56. Kb3 Kd3 57. Ka4 Kc4 58. Ka5 Kd5 59. Be5 Ke6 60. Bb2 Kd7 61. Ka4 Ke6 62. Be5 Kd5 63. Kb3 Ke4 64. Kc4 Ke3 65. Kb3 Ke4 66. Ka4 Kd5 67. Ka5 Ke6 68. Kb6 Kd7 69. Kb7 Na3 70. Kb6 Nb5 1/2-1/2

[Event "Tatarstan-ch op"]
[Site "Kazan"]
[Date "2007.08.21"]
[Round "2"]
[White "Tukhvatullin, Timur"]
[Black "Mukhamadeev, Frangiz"]
[Result "1-0"]
[WhiteElo "2236"]
[BlackElo "1965"]
[PlyCount "78"]
[EventDate "2007.08.20"]
[EventType "swiss"]
[EventRounds "9"]
[EventCountry "RUS"]
[SourceTitle "EXT 2009"]
[Source "ChessBase"]
[SourceDate "2008.11.26"]
[SourceVersion "1"]
[SourceVersionDate "2008.11.26"]
[SourceQuality "1"]

1. e4 c6 2. d4 d5 3. e5 Bf5 4. h4 h6 5. g4 Bh7 6. e6 Nf6 7. exf7+ Kxf7 8. g5 hxg5 9. hxg5 Bxc2 10. Qxc2 Rxh1 11. Nf3 Ne4 12. Ne5+ Kg8 13. Nc3 Nd6 14. Bf4 Qc8 15. Kd2 Qf5 16. Qxf5 Nxf5 17. Bd3 Rxa1 18. Bxf5 g6 19. Bxg6 Bg7 20. Bf7+ Kf8 21. g6 Bxe5 22. dxe5 Kg7 23. Ne2 Nd7 24. Nd4 Rg1 25. Nf5+ Kh8 26. Nxe7 Nf8 27. e6 Kg7 28. Be5+ Kh6 29. g7 Nxe6 30. Bxe6 Re8 31. Nf5+ Kh7 32. g8Q+ Rgxg8 33. Bxg8+ Kxg8 34. f4 c5 35. Kd3 b6 36. Ne3 Rd8 37. f5 b5 38. Ng4 d4 39. Nf6+ Kf7 1-0